000 00769nam1a22002651 4500
001 RU\NLR\IC151\ROSSICA\1000000129
005 20240725030138.0
035 _a(NLR Aleph) 009908731
090 _a10607066
_c10607066
100 _a20031006d1807 |||y0rusy50 ba
101 1 _afre
102 _aRU
105 _ay ||||000ay
200 1 _aLes quatre Livres de l'Imitation de Jésus-Christ
_fThomas à Kempis
_gTraduits par Mr.Beauzée
210 _aSt.Pétersborg
_d1807
215 _d
517 1 _aLes quatre, Livres, de l'Imitation de Jésus-Christ
701 0 _aThomas à Kempis
_4070
702 0 _aBeauzée
_4730
801 1 _aRU
_bInfoComm
_c20031006
801 0 _aRU
_bNLR
_gPSBO
852 _aNLR
_j30.6.3.39
942 _cBOOK
980 _aRossica